Remedying damp (Record no. 108968)

MARC details
000 -LEADER
fixed length control field 01630cam a22003015a 4500
001 - CONTROL NUMBER
control field L145930
008 - FIXED-LENGTH DATA ELEMENTS--GENERAL INFORMATION
fixed length control field 081124s2009 xxkoa f 001 0 eng d
020 ## - INTERNATIONAL STANDARD BOOK NUMBER
International Standard Book Number 9781842193051
035 ## - SYSTEM CONTROL NUMBER
System control number (Sirsi) u145930
041 0# - LANGUAGE CODE
Language code of text/sound track or separate title eng
050 04 - LIBRARY OF CONGRESS CALL NUMBER
Classification number 690.24 $2 18
100 1# - MAIN ENTRY--PERSONAL NAME
Personal name Burkinshaw, Ralph F.
245 00 - TITLE STATEMENT
Title Remedying damp
260 ## - PUBLICATION, DISTRIBUTION, ETC.
Place of publication, distribution, etc. Coventry
Name of publisher, distributor, etc. RICS
Date of publication, distribution, etc. 2009
300 ## - PHYSICAL DESCRIPTION
Extent vi, 246p.
Other physical details col. ill.
Dimensions 30cm.
350 ## - PRICE (NR) (BK AM CF MU VM SE) [OBSOLETE]
Price 49.95
505 2# - FORMATTED CONTENTS NOTE
Formatted contents note Introduction -- Flood remediation -- Basement waterproofing -- Plumbing problems -- Wall base damp-proofing -- Rot and woodworm -- Mould and ventilation -- Monitoring moisture condition - Appendices: approximate water content of typical construction materials; common scenarios from flood event to end of contractor's drying phase; refrigerant dehumidifiers; alternative techniques for monitoring changes in moisture content of a substrate; black ash mortar; moisture condition of lightweight blockwork; Housing Health and Safety Rating Scheme: a new approach; copper pipe failure -- Glossary -- References and further reading
520 ## - SUMMARY, ETC.
Summary, etc. Sets out the knowledge and tools to understand how to deal with damp problems in buildings, including practical advice on tackling the effects of damp and remedial action which can be taken. Presents practical examples, diagrams, case studies and photographs to ensure the most suitable remedial action is taken.
521 ## - TARGET AUDIENCE NOTE
Target audience note Advanced
590 ## - LOCAL NOTE (RLIN)
Local note KA
651 #4 - SUBJECT ADDED ENTRY--GEOGRAPHIC NAME
Geographic name United Kingdom
Chronological subdivision
690 ## - LOCAL SUBJECT ADDED ENTRY--TOPICAL TERM (OCLC, RLIN)
Topical term or geographic name as entry element Damp and Water Ingress
700 1# - ADDED ENTRY--PERSONAL NAME
Personal name George, Chris
Titles and other words associated with a name Dr
700 1# - ADDED ENTRY--PERSONAL NAME
Personal name Athol, Stuart
700 1# - ADDED ENTRY--PERSONAL NAME
Personal name Hewitt, Nigel
942 ## - ADDED ENTRY ELEMENTS (KOHA)
Suppress in OPAC 0
Holdings
Withdrawn status Lost status Source of classification or shelving scheme Damaged status Not for loan Home library Current library Shelving location Date acquired Total Checkouts Full call number Barcode Date last seen Copy number Price effective from Koha item type Date last checked out
    Dewey Decimal Classification     London London RICS Boxes 26/02/2009   RICS 2009/1 30076322 06/08/2019 1 06/08/2019 Archive  
    Dewey Decimal Classification     London London Books 26/02/2009   F690.24 BUR 30076323 06/08/2019 1 06/08/2019 Reference material  
    Dewey Decimal Classification     London London RICS Boxes 26/02/2009 11 F690.24 BUR 30076324 06/08/2019 2 06/08/2019 Book 29/03/2010